Maria Aurèlia Capmany : l'època d'una dona / Agustí Pons l'època d'una dona / Agustí Pons
ISBN:
84-8300-998-6
Descripción Física:
462 p ; 24 cm
Colección:
Biografies ; 1
Materias:
Capmany, Maria Aurèlia, -- 1918-1991
MARC
| LEADER | 00000nam a2200000Ia 4500 | ||
|---|---|---|---|
| 001 | 13141 | ||
| 008 | 160829s2000 xx 000 0 cat d | ||
| 020 | |a 84-8300-998-6 | ||
| 080 | |a L-1-346 | ||
| 100 | |a Pons, Agustí |9 25278 | ||
| 245 | |a Maria Aurèlia Capmany : |b l'època d'una dona / Agustí Pons | ||
| 260 | |a Barcelona : |b Columna, |c 2000 | ||
| 300 | |a 462 p ; |c 24 cm | ||
| 490 | |a Biografies ; 1 | ||
| 600 | 0 | |a Capmany, Maria Aurèlia, |d 1918-1991 |9 26537 | |
| 901 | |a Arxiu | ||
| 942 | |n 1 | ||
| 952 | |0 0 |1 0 |4 0 |6 L1346 |7 1 |9 43532 |a Arxiu |b Arxiu |d 2016-12-01 |l 0 |o L-1-346 |p 13141 |r 2016-12-01 00:00:00 |w 2016-12-01 |y ARXIU | ||
| 999 | |c 46078 |d 46078 | ||